| 000 | 01247nam a22003017a 4500 | ||
|---|---|---|---|
| 001 | 113286 | ||
| 003 | DR-UNIBE | ||
| 005 | 20250313101410.0 | ||
| 008 | 250305b2013 xxu||||| |||| 00| 0 eng d | ||
| 020 | _a9781451686586 | ||
| 040 |
_aBIBLIOTECA UNIBE _cBIBLIOTECA UNIBE _erda _bspa |
||
| 041 | _aeng | ||
| 082 |
_222 _a658.83 B496c |
||
| 100 | 1 | 0 |
_aBerger, Jonah _9168694 _eautor |
| 245 | 1 | 0 |
_aContagious : _bwhy things catch on / _cJonah Berger |
| 260 |
_aNew York : _bSimon & Schuster, _c2013 |
||
| 300 |
_aviii, 244 pages : _c21 x 13 cm |
||
| 490 | _aSimon & Schuster Paperbacks | ||
| 500 | _aComentarios sobre la obra al inicio y en la contraportada y datos del autor. Incluye agradecimientos, notas e índice | ||
| 504 | _aIncluye bibliografía | ||
| 505 | _aIntroductions: why thing catch on | 1. Social currency | 2. Triggers | 3. Emotion | 4. Public | 5, Practical value | 6. Stories | Epilogue | Acknowledgments | Notes | Index | ||
| 650 | 7 |
_2lemb _aInvestigación de mercados |
|
| 650 | 7 |
_2lemb _aComportamiento del consumidor |
|
| 650 | 7 |
_2lemb _aNuevos productos _93000 |
|
| 700 | 1 | 0 |
_aWiseman, Ben _9192625 _ediseñador de cubierta |
| 710 | 1 | 0 |
_aGetty Images _9192626 _efotografía de cubierta |
| 942 |
_2ddc _cBK |
||
| 999 |
_c113286 _d113286 |
||